000 00995nam a2200289Ia 4500
001 Z_2139
003 CHAP
008 220113s1995 xx 000 0 und d
010 _a163564
040 _cCHAP
090 _aTesis T 1026
100 _aTorres Barrientos, José Luis
_9114047
245 _aDeficiencias más frecuentes en la formulación de proyectos agropecuarios de crédito, repercusión en la falta de pago a los bancos y recomendaciones para evitarlas /
_cpor José Luis Torres Barrientos
260 _aChapingo, Méx. :
_bEl autor,
_c1995
300 _a186 h.
502 _aTesis (Ing. Agr. Esp. en Zootecnia) -- UACH. Departamento de Zootecnia
650 _aBancos y operaciones bancarias
_xMéxico
_9137728
650 _aCrédito agrícola
_xMéxico
_9137729
650 0 _aPolítica agrícola
_zMéxico
_9137730
650 _aProyectos
_xEvaluación
_992525
901 _aTESIS T 1026
902 _aM
910 _a1995
942 _c2
942 _c2
999 _c163564
_d163564